000 00277nam a22001217a 4500
008 170310b xxu||||| |||| 00| 0 eng d
041 _aeng
080 _211 ED
_aSHM
100 _a7
101 _aSHM
245 _aPRIMER ON THE RHEUMATIC DISEASES
_cKLIPEL.J.H
942 _2udc
_cBK
999 _c7465
_d7465